| 000 | 00976nam a2200301 a 4500 | ||
|---|---|---|---|
| 001 | 015434754 | ||
| 003 | OSt | ||
| 005 | 20140116134401.0 | ||
| 008 | 091105t2009 cc a frb 001 0 eng d | ||
| 020 | _a9780596156817 (pbk.) | ||
| 020 | _a0596156812 (pbk.) | ||
| 040 |
_aStDuBDS _beng _cStDuBDS _dUk |
||
| 082 | 0 | 4 |
_a658.872 _222 _bWEI |
| 100 | 1 |
_aWeinberg, Tamar _934830 |
|
| 245 | 1 | 4 |
_aThe new community rules : _bmarketing on the social web / _cTamar Weinberg. |
| 260 |
_aBeijing : _bO'Reilly, _cc.2009. |
||
| 300 |
_axviii, 346 p. : _bill. ; _c24 cm. |
||
| 500 | _aIndex : p. 337-346. | ||
| 500 | _aIncludes Appendix. | ||
| 504 | _aBibliography : p. 335-336. | ||
| 650 | 0 |
_aInternet marketing _932688 |
|
| 650 | 0 |
_aSocial media _xEconomic aspects _934831 |
|
| 650 | 0 |
_aOnline social networks _xEconomic aspects _934832 |
|
| 653 |
_bBus _cJanuary2014 |
||
| 655 |
_vreading book _934232 |
||
| 690 | 7 |
_aManagement and Business Studies _2blcoll |
|
| 942 |
_2ddc _k658.872 WEI |
||
| 999 |
_c17918 _d17890 |
||